| 000 | 00512nam a22001697a 4500 | ||
|---|---|---|---|
| 003 | BD-ChCU | ||
| 005 | 20260617124328.0 | ||
| 008 | 260617b bg ||||| |||| 00| 0 ben d | ||
| 040 | _cBD-ChCU | ||
| 082 | _a330.94 UNE | ||
| 100 |
_aUNITED Nations. _923816 |
||
| 245 |
_aEconomics survey of Europe in 1970 : _bthe European economy in 1970 ./ _cUNITED Nations . |
||
| 260 |
_aNew York : _bUNITED Nations , _cC 1971 |
||
| 300 | _aPt . 2 . | ||
| 650 | 0 |
_aEurope - Economic Conditions . _923818 |
|
| 942 |
_2ddc _cBK _n0 |
||
| 999 |
_c113390 _d113390 |
||